An toàn bức xạ trên địa bàn tỉnh Bình Dương
Na minha lista:
| Autor principal: | |
|---|---|
| Formato: | Livro |
| Idioma: | Undetermined |
| Assuntos: | |
| Acesso em linha: | http://lrc.tdmu.edu.vn/opac/search/detail.asp?aID=2&ID=23536 |
| Tags: |
Adicionar Tag
Sem tags, seja o primeiro a adicionar uma tag!
|
| Thư viện lưu trữ: | Trung tâm Học liệu Trường Đại học Thủ Dầu Một |
|---|
| LEADER | 00619nam a2200145Ia 4500 | ||
|---|---|---|---|
| 001 | TDMU_23536 | ||
| 008 | 210410s9999 xx 000 0 und d | ||
| 082 | |a 363.7 | ||
| 100 | |a Huỳnh, Hoàng Phúc | ||
| 245 | 3 | |a An toàn bức xạ trên địa bàn tỉnh Bình Dương | |
| 245 | 0 | |c Huỳnh Hoàng Phúc | |
| 300 | |a 3Tr | ||
| 650 | |a Năng lượng bức xạ ; Tình hình ứng dụng ; Bình Dương ; An toàn bức xạ ; Môi trường | ||
| 856 | |u http://lrc.tdmu.edu.vn/opac/search/detail.asp?aID=2&ID=23536 | ||
| 980 | |a Trung tâm Học liệu Trường Đại học Thủ Dầu Một | ||